[Event "Dulles Cherry Blossom op 11th"]
[Site "Dulles"]
[Date "2024.05.25"]
[Round "5"]
[White "Pillai, Adithya"]
[Black "Debmisra, Ariv"]
[Result "0-1"]
[WhiteElo "1981"]
[BlackElo "1873"]
[PlyCount "104"]
[EventDate "2024.05.22"]
[EventType "swiss"]
[EventRounds "9"]
[EventCountry "USA"]
[SourceTitle "CB22_2024"]
[SourceDate "2024.05.29"]
[SourceVersion "1"]
[SourceVersionDate "2024.05.29"]
[SourceQuality "1"]

1. d4 Nf6 2. Nc3 e6 3. Bf4 Bb4 4. Bd2 b6 5. Nf3 Bb7 6. e3 d6 7. a3 Bxc3 8. Bxc3 Ne4 9. Bd3 Nxc3 10. bxc3 f5 11. Qe2 0-0 12. 0-0 Nd7 13. Nd2 e5 14. f3 Qf6 15. Qf2 Rae8 16. e4 f4 17. a4 a5 18. Bb5 Re7 19. Qe2 Kh8 20. Qd3 g5 21. Rab1 Rd8 22. Rfd1 Rg7 23. Nb3 g4 24. Nxa5 gxf3 25. Nxb7 Rxg2+ 26. Kf1 Rg1+ 27. Kxg1 Qg5+ 28. Kf1 Qg2+ 29. Ke1 f2+ 30. Kd2 f1Q+ 31. Kc1 Qxd3 32. Rxd3 Rb8 33. Bxd7 Qxe4 34. dxe5 dxe5 35. Nd6 cxd6 36. Rxd6 f3 37. Bc6 Qe3+ 38. Kb2 Qc5 39. Rbd1 Rf8 40. Bb5 e4 41. R1d5 Qg1 42. Rd8 Rxd8 43. Rxd8+ Kg7 44. Bc4 f2 45. Rg8+ Kh6 46. Rf8 e3 47. Rf6+ Kg7 48. Rf7+ Kg6 49. Rf3 Qe1 50. Bd3+ Kg5 51. Rf5+ Kg4 52. Rf7 e2 0-1

[Event "Dulles Cherry Blossom op 11th"]
[Site "Dulles"]
[Date "2024.05.24"]
[Round "4"]
[White "Debmisra, Ariv"]
[Black "Collier, Philip M"]
[Result "1-0"]
[WhiteElo "1873"]
[BlackElo "1819"]
[PlyCount "101"]
[EventDate "2024.05.22"]
[EventType "swiss"]
[EventRounds "9"]
[EventCountry "USA"]
[SourceTitle "CB22_2024"]
[SourceDate "2024.05.29"]
[SourceVersion "1"]
[SourceVersionDate "2024.05.29"]
[SourceQuality "1"]

1. e4 c5 2. c3 g6 3. d4 cxd4 4. cxd4 d5 5. e5 Bg7 6. Nf3 Nc6 7. Nc3 f6 8. exf6 Nxf6 9. Bb5 0-0 10. 0-0 Bg4 11. Be2 Qb6 12. Na4 Qc7 13. Be3 Ne4 14. h3 Bf5 15. Rc1 Qd6 16. Qb3 b6 17. Nc3 Be6 18. Qc2 Nxc3 19. Qxc3 Bd7 20. Qd2 Rac8 21. Bh6 Qf6 22. Bxg7 Kxg7 23. Qe3 Qf4 24. Qxf4 Rxf4 25. Ba6 Rd8 26. Rfe1 Kf8 27. Ng5 h6 28. Rxc6 hxg5 29. Rxg6 g4 30. hxg4 Rxd4 31. f3 Rd2 32. Re5 e6 33. f4 Rxb2 34. Rh5 Kf7 35. Bd3 Ke7 36. Rh7+ Kd6 37. f5 Rd2 38. Bf1 Rxa2 39. f6 Ra1 40. Kf2 Rf8 41. g5 e5 42. Rgh6 Bf5 43. Rh8 Rf7 44. g6 Bxg6 45. Rxg6 Ke6 46. Rhh6 e4 47. g3 e3+ 48. Ke2 d4 49. Bh3+ Ke5 50. Rg5+ Ke4 51. Bg2# 1-0